Poems of Cheer (Record no. 232567)
[ view plain ]
| 000 -LEADER | |
|---|---|
| fixed length control field | 01871cam a22002413a 4500 |
| 001 - CONTROL NUMBER | |
| control field | 3238 |
| 003 - CONTROL NUMBER IDENTIFIER | |
| control field | PGUSA |
| 005 - DATE AND TIME OF LATEST TRANSACTION | |
| control field | 20140828083029.0 |
| 008 - FIXED-LENGTH DATA ELEMENTS--GENERAL INFORMATION | |
| fixed length control field | 020501s2002||||xxu|||||s|||||000 p eng d |
| 040 ## - CATALOGING SOURCE | |
| Original cataloging agency | PGUSA |
| Language of cataloging | eng |
| 042 ## - AUTHENTICATION CODE | |
| Authentication code | dc |
| 050 #4 - LIBRARY OF CONGRESS CALL NUMBER | |
| Classification number | PS |
| 100 1# - MAIN ENTRY--PERSONAL NAME | |
| Personal name | Wilcox, Ella Wheeler, |
| Dates associated with a name | 1850-1919 |
| 245 10 - TITLE STATEMENT | |
| Title | Poems of Cheer |
| Medium | [electronic resource] / |
| Statement of responsibility, etc | Ella Wheeler Wilcox |
| 260 ## - PUBLICATION, DISTRIBUTION, ETC. (IMPRINT) | |
| Name of publisher, distributor, etc | Project Gutenberg, |
| Date of publication, distribution, etc | 2002 |
| 505 0# - FORMATTED CONTENTS NOTE | |
| Formatted contents note | Worth while -- The house of life -- A song of life -- Prayer -- In the long run -- As you go through life -- Two sunsets -- Unrest -- Artist's life -- Nothing but stones -- Inevitable -- The ocean of song -- "It might have been" -- Momus, god of laughter -- I dream -- The sonnet -- The past -- A dream -- Uselessness -- Will -- Winter rain -- Life -- Burdened -- Let them go -- Five kisses -- Retrospection -- Helena -- Nothing remains -- Comrades -- What gain? -- To the west -- The land of content -- Warning -- After the battles are over -- And they are dumb -- Night -- All for me -- Into space -- Through dim eyes -- The punished -- Half fledged -- The year -- The unattained -- In the crowd -- Life and i -- Guerdon -- Snowed under -- "Leudemanns-on-the-River" -- Little Blue Hood -- No spring -- Midsummer -- A reminiscence -- A girl's faith -- Two -- Slipping away -- Is it done? -- A leaf -- Aesthetic -- Poems of the week -- Ghosts -- Fleeing away -- All mad -- Hidden gems -- By-and-bye -- Over the May hill -- Foes -- Friendship -- Two sat down -- Bound and free -- Aquileia -- Wishes for a little girl -- Romney -- My home -- To marry or not to marry? -- An afternoon -- River and sea -- What happens? -- Possession. |
| 506 ## - RESTRICTIONS ON ACCESS NOTE | |
| Terms governing access | Public domain in the USA. |
| 516 ## - TYPE OF COMPUTER FILE OR DATA NOTE | |
| Type of computer file or data note | Electronic text |
| 653 ## - INDEX TERM--UNCONTROLLED | |
| Uncontrolled term | American poetry |
| 830 #0 - SERIES ADDED ENTRY--UNIFORM TITLE | |
| Uniform title | Project Gutenberg |
| Volume number/sequential designation | 3238 |
| 856 40 - ELECTRONIC LOCATION AND ACCESS | |
| Uniform Resource Identifier | <a href="http://www.gutenberg.org/ebooks/3238">http://www.gutenberg.org/ebooks/3238</a> |
| 942 ## - ADDED ENTRY ELEMENTS (KOHA) | |
| Koha item type | eBooks |
| Withdrawn status | Lost status | Damaged status | Home library | Current library | Date acquired | Total Checkouts | Date last seen | Price effective from | Koha item type |
|---|---|---|---|---|---|---|---|---|---|
| Project Gutenberg | Project Gutenberg | 08/28/2014 | 08/28/2014 | 08/28/2014 | eBooks |